[Event "9. GM 2008"]
[Site "Banja Luka"]
[Date "2008.09.29"]
[Round "1.1"]
[White "Geetha, Narayanan Gopal"]
[Black "Jakovljevic, Vlado"]
[Result "1-0"]
[WhiteElo "2572"]
[BlackElo "2442"]
[PlyCount "53"]
[EventDate "2008.09.29"]
[EventType "swiss"]
[EventRounds "9"]
[EventCountry "YUG"]
[EventCategory "11"]
[Source "lmi"]
[SourceDate "2008.09.29"]

1. e4 e5 2. Nf3 Nf6 3. Nxe5 d6 4. Nf3 Nxe4 5. Nc3 Nxc3 6. dxc3 Be7 7. Be3 Nc6
8. Qd2 Be6 9. O-O-O a6 10. Kb1 Qd7 11. h4 f6 12. Nd4 Nxd4 13. cxd4 d5 14. h5
Bf5 15. f3 h6 16. g4 Bh7 17. Bh3 O-O-O 18. Qg2 Rdg8 19. Rdg1 Bd8 20. Bd2 g5 21.
hxg6 Bxg6 22. Bf4 Qc6 23. Be5 Rf8 24. a3 h5 25. Qh2 Bf7 26. Qd2 Qb5 27. Qh6 1-0

[Event "9. GM 2008"]
[Site "Banja Luka"]
[Date "2008.09.29"]
[Round "1.5"]
[White "Javakhishvili, Lela"]
[Black "Ilincic, Zlatko"]
[Result "1/2-1/2"]
[WhiteElo "2461"]
[BlackElo "2519"]
[PlyCount "80"]
[EventDate "2008.09.29"]
[EventType "swiss"]
[EventRounds "9"]
[EventCountry "YUG"]
[EventCategory "11"]
[Source "lmi"]
[SourceDate "2008.09.29"]

1. d4 Nf6 2. Nf3 g6 3. Bg5 Bg7 4. Nbd2 O-O 5. e4 d5 6. exd5 Nxd5 7. Nb3 h6 8.
Bd2 b6 9. Bd3 a5 10. c4 Nf6 11. Bc3 a4 12. Nc1 Bb7 13. Qe2 Nh5 14. Qe3 a3 15.
O-O axb2 16. Bxb2 c5 17. Rb1 cxd4 18. Bxd4 Nd7 19. Bxg7 Kxg7 20. Ne5 Nhf6 21.
Nxd7 Nxd7 22. Re1 e6 23. Qd4+ e5 24. Qd6 Re8 25. Bf1 Re6 26. Qb4 Ra7 27. Rb2
Qa8 28. Qc3 Kg8 29. Rd1 Nc5 30. Rbd2 Re8 31. Qb4 Ra6 32. Rd6 Bc6 33. Nb3 Ne4
34. c5 Nxd6 35. Bxa6 bxc5 36. Nxc5 Nf5 37. Bb5 Rc8 38. Bxc6 Qxc6 39. Nb3 Qc2
40. Qd2 Qxd2 1/2-1/2

[Event "9. GM 2008"]
[Site "Banja Luka"]
[Date "2008.09.30"]
[Round "2.2"]
[White "Korchnoi, Viktor"]
[Black "Javakhishvili, Lela"]
[Result "1/2-1/2"]
[WhiteElo "2602"]
[BlackElo "2461"]
[PlyCount "53"]
[EventDate "2008.09.29"]
[EventType "swiss"]
[EventRounds "9"]
[EventCountry "YUG"]
[EventCategory "11"]
[Source "lmi"]
[SourceDate "2008.09.29"]

1. c4 e6 2. Nf3 Nf6 3. g3 d5 4. Bg2 dxc4 5. Qa4+ c6 6. Qxc4 b5 7. Qc2 Bb7 8. a4
a6 9. Nc3 Nbd7 10. d3 Be7 11. e4 b4 12. Ne2 a5 13. b3 Ba6 14. Bb2 Qb6 15. h3
Bc5 16. Nf4 Be7 17. Rc1 Qb8 18. Qb1 h6 19. h4 Bf8 20. Bh3 c5 21. e5 Bb7 22. Nd5
Bxd5 23. Bg2 Bc6 24. exf6 gxf6 25. O-O Ke7 26. h5 Ra6 27. g4 1/2-1/2

[Event "9. GM 2008"]
[Site "Banja Luka"]
[Date "2008.09.30"]
[Round "2.4"]
[White "Heberla, Bartlomiej"]
[Black "Vukic, Milan"]
[Result "1-0"]
[WhiteElo "2510"]
[BlackElo "2457"]
[PlyCount "101"]
[EventDate "2008.09.29"]
[EventType "swiss"]
[EventRounds "9"]
[EventCountry "YUG"]
[EventCategory "11"]
[Source "lmi"]
[SourceDate "2008.09.29"]

1. e4 c5 2. Nf3 e6 3. c3 d5 4. exd5 Qxd5 5. d4 Nf6 6. Be2 Nc6 7. O-O cxd4 8.
cxd4 Be7 9. Nc3 Qd6 10. Nb5 Qd8 11. Bf4 Nd5 12. Bg3 a6 13. Nc3 O-O 14. Rc1 Nf6
15. a3 b6 16. Bc4 Bb7 17. Ba2 Na7 18. Re1 Rc8 19. Qe2 Bd6 20. Bh4 b5 21. d5
exd5 22. Nxd5 Bxd5 23. Bxd5 Re8 24. Bxf6 Rxe2 25. Bxd8 Rxe1+ 26. Rxe1 Rxd8 27.
Ng5 Rd7 28. Re8+ Bf8 29. Ne6 fxe6 30. Bxe6+ Rf7 31. Ra8 Nc6 32. Rxa6 Nd8 33.
Bd5 Kh8 34. Bxf7 Nxf7 35. b3 g6 36. a4 bxa4 37. bxa4 Ne5 38. a5 Bc5 39. Ra8+
Kg7 40. a6 Nd3 41. Rc8 Bxf2+ 42. Kf1 Bb6 43. Rc6 Bd4 44. Rd6 Nb4 45. Rxd4 Nxa6
46. Rc4 Kf7 47. Ke2 h6 48. Ke3 Nb8 49. Rc7+ Ke6 50. Rh7 h5 51. Kf4 1-0

[Event "9. GM 2008"]
[Site "Banja Luka"]
[Date "2008.10.01"]
[Round "3.1"]
[White "Drasko, Milan"]
[Black "Jakovljevic, Vlado"]
[Result "1/2-1/2"]
[WhiteElo "2508"]
[BlackElo "2442"]
[PlyCount "66"]
[EventDate "2008.09.29"]
[EventType "swiss"]
[EventRounds "9"]
[EventCountry "YUG"]
[EventCategory "11"]
[Source "lmi"]
[SourceDate "2008.09.29"]

1. Nf3 Nf6 2. g3 g6 3. Bg2 Bg7 4. d4 d5 5. c4 dxc4 6. Na3 c3 7. bxc3 O-O 8. O-O
c5 9. e3 Nc6 10. Bb2 Bf5 11. Re1 cxd4 12. exd4 Rc8 13. Qe2 Bg4 14. Rad1 e6 15.
h3 Bxf3 16. Bxf3 Na5 17. c4 Qb6 18. c5 Qa6 19. Qxa6 bxa6 20. Be2 Nd5 21. Bxa6
Rb8 22. Ba1 Rb4 23. Nc2 Ra4 24. a3 Nc7 25. Bf1 Nb3 26. Rd3 Nxa1 27. Rxa1 Rd8
28. Rb1 Rc4 29. Rd2 Rxc5 30. dxc5 Rxd2 31. Rb8+ Bf8 32. Ne3 Kg7 33. Nc2 Kg8
1/2-1/2

[Event "9. GM 2008"]
[Site "Banja Luka"]
[Date "2008.10.01"]
[Round "3.2"]
[White "Vukic, Milan"]
[Black "Geetha, Narayanan Gopal"]
[Result "0-1"]
[WhiteElo "2457"]
[BlackElo "2572"]
[PlyCount "60"]
[EventDate "2008.09.29"]
[EventType "swiss"]
[EventRounds "9"]
[EventCountry "YUG"]
[EventCategory "11"]
[Source "lmi"]
[SourceDate "2008.09.29"]

1. Nf3 Nf6 2. g3 g6 3. b3 Bg7 4. Bb2 O-O 5. Bg2 d6 6. d4 c5 7. c4 d5 8. O-O
dxc4 9. bxc4 Qb6 10. Qb3 Nfd7 11. e3 Nc6 12. Qc3 cxd4 13. exd4 Nc5 14. Qa3 Na4
15. Bc3 Qa6 16. c5 Nxc3 17. Qxa6 bxa6 18. Nxc3 Rb8 19. Rac1 Bf5 20. Rfd1 Rfd8
21. d5 Nb4 22. Ne1 Rbc8 23. Na4 Nxa2 24. Rc4 Bd7 25. Rd2 Bb5 26. Re4 Nc3 27.
Nxc3 Bxc3 28. Rc2 Rxc5 29. Rxe7 Bb4 30. Rxa7 Re8 0-1

[Event "9. GM 2008"]
[Site "Banja Luka"]
[Date "2008.10.02"]
[Round "4.2"]
[White "Savanovic, Aleksandar"]
[Black "Ilincic, Zlatko"]
[Result "1/2-1/2"]
[WhiteElo "2417"]
[BlackElo "2519"]
[PlyCount "80"]
[EventDate "2008.09.29"]
[EventType "swiss"]
[EventRounds "9"]
[EventCountry "YUG"]
[EventCategory "11"]
[Source "lmi"]
[SourceDate "2008.09.29"]

1. b3 e5 2. Bb2 Nc6 3. e3 d5 4. Bb5 Bd6 5. f4 Qe7 6. Nf3 Bg4 7. fxe5 Bxe5 8.
Bxe5 Bxf3 9. Qxf3 Qxe5 10. Nc3 Nf6 11. Bxc6+ bxc6 12. O-O O-O 13. Qf4 Qe7 14.
Qd4 c5 15. Nxd5 Nxd5 16. Qxd5 Rad8 17. Qc4 Rxd2 18. Rae1 Rfd8 19. h3 h5 20. Rf2
Rd1 21. Rff1 Rxe1 22. Rxe1 Rd2 23. Re2 Rd1+ 24. Kh2 h4 25. Rf2 g5 26. Rf1 Rxf1
27. Qxf1 Qxe3 28. Qa6 Qf4+ 29. Kh1 Qc1+ 30. Kh2 Qxc2 31. Qxa7 c4 32. bxc4 Qxc4
33. a4 c5 34. Qb8+ Kg7 35. a5 Qe6 36. Qb2+ f6 37. Qb7+ Kg6 38. a6 Qe5+ 39. Kg1
Qe1+ 40. Kh2 Qg3+ 1/2-1/2

[Event "9. GM 2008"]
[Site "Banja Luka"]
[Date "2008.10.02"]
[Round "4.3"]
[White "Heberla, Bartlomiej"]
[Black "Javakhishvili, Lela"]
[Result "1/2-1/2"]
[WhiteElo "2510"]
[BlackElo "2461"]
[PlyCount "39"]
[EventDate "2008.09.29"]
[EventType "swiss"]
[EventRounds "9"]
[EventCountry "YUG"]
[EventCategory "11"]
[Source "lmi"]
[SourceDate "2008.09.29"]

1. e4 c5 2. Nf3 e6 3. c3 Nf6 4. e5 Nd5 5. g3 d6 6. exd6 Bxd6 7. Bg2 Nc6 8. O-O
O-O 9. d4 cxd4 10. Nxd4 Nxd4 11. Qxd4 Qc7 12. Nd2 Bc5 13. Qe4 Nf6 14. Qf3 e5
15. Ne4 Nxe4 16. Qxe4 Rb8 17. Re1 Bd6 18. Be3 b6 19. Qc6 Be6 20. Red1 1/2-1/2

[Event "9. GM 2008"]
[Site "Banja Luka"]
[Date "2008.10.02"]
[Round "4.5"]
[White "Drasko, Milan"]
[Black "Vukic, Milan"]
[Result "1/2-1/2"]
[WhiteElo "2508"]
[BlackElo "2457"]
[PlyCount "21"]
[EventDate "2008.09.29"]
[EventType "swiss"]
[EventRounds "9"]
[EventCountry "YUG"]
[EventCategory "11"]
[Source "lmi"]
[SourceDate "2008.09.29"]

1. d4 Nf6 2. c4 d6 3. Nf3 g6 4. g3 Bg7 5. Bg2 O-O 6. O-O c6 7. Nc3 Qa5 8. e4
Bg4 9. h3 Bxf3 10. Bxf3 e5 11. d5 1/2-1/2

[Event "9. GM 2008"]
[Site "Banja Luka"]
[Date "2008.10.03"]
[Round "5.2"]
[White "Volkov, Sergey"]
[Black "Drasko, Milan"]
[Result "1/2-1/2"]
[WhiteElo "2636"]
[BlackElo "2508"]
[PlyCount "126"]
[EventDate "2008.09.29"]
[EventType "swiss"]
[EventRounds "9"]
[EventCountry "YUG"]
[EventCategory "11"]
[Source "lmi"]
[SourceDate "2008.09.29"]

1. d4 e6 2. c4 Bb4+ 3. Nc3 Ne7 4. Qb3 a5 5. a3 Bxc3+ 6. Qxc3 O-O 7. e4 d5 8.
Bd3 c5 9. Ne2 cxd4 10. Nxd4 e5 11. Nb5 d4 12. Qc2 Bd7 13. Bd2 Na6 14. O-O Nc5
15. Rac1 Bxb5 16. cxb5 Rc8 17. Bg5 h6 18. Bxe7 Qxe7 19. Bc4 a4 20. Bd5 Qd7 21.
Qe2 Kh8 22. f4 exf4 23. Rxf4 d3 24. Qd2 Nb3 25. Rxc8 Nxd2 26. Rxf8+ Kh7 27. h4
Nf3+ 28. Rxf3 d2 29. Rf1 Qg4 30. R8xf7 d1=Q 31. Rxd1 Qxd1+ 32. Rf1 Qe2 33. h5
Qxh5 34. Rf5 Qe2 35. Bxb7 Qxb2 36. Rf3 Qxb5 37. Bd5 Qc5+ 38. Kh2 h5 39. Rf5
Qd6+ 40. g3 Qxa3 41. Rxh5+ Kg6 42. Rf5 Qb2+ 43. Kg1 Kh6 44. Rf2 Qd4 45. Kg2 a3
46. Rf4 g5 47. Rf2 g4 48. Kf1 Kg5 49. Kg2 Qh8 50. Kg1 Qh3 51. Rg2 Kf6 52. Rf2+
Ke5 53. Rg2 Kd4 54. Rd2+ Ke3 55. Rg2 a2 56. Bxa2 Kf3 57. Rf2+ Kxg3 58. Be6 Qh8
59. Rg2+ Kf3 60. Bxg4+ Kxe4 61. Be2 Qa1+ 62. Kh2 Ke3 63. Bg4 Qh8+ 1/2-1/2

[Event "9. GM 2008"]
[Site "Banja Luka"]
[Date "2008.10.03"]
[Round "5.3"]
[White "Javakhishvili, Lela"]
[Black "Geetha, Narayanan Gopal"]
[Result "1/2-1/2"]
[WhiteElo "2461"]
[BlackElo "2572"]
[PlyCount "102"]
[EventDate "2008.09.29"]
[EventType "swiss"]
[EventRounds "9"]
[EventCountry "YUG"]
[EventCategory "11"]
[Source "lmi"]
[SourceDate "2008.09.29"]

1. d4 Nf6 2. Nf3 g6 3. Bg5 Bg7 4. c3 d5 5. Nbd2 O-O 6. e3 Nbd7 7. Be2 c5 8. O-O
b6 9. c4 Bb7 10. cxd5 Bxd5 11. Qa4 cxd4 12. Nxd4 Nc5 13. Qa3 a6 14. Rfd1 Qc7
15. Bh4 Qb7 16. b4 Nce4 17. f3 Nxd2 18. Rxd2 Rfc8 19. Rc1 Rxc1+ 20. Qxc1 e5 21.
Nb3 Be6 22. e4 Ne8 23. Rc2 Bf8 24. Bg3 f6 25. b5 axb5 26. Bxb5 Ba3 27. Qf1 Rd8
28. Bf2 Ng7 29. h3 Qb8 30. Kh2 Rc8 31. Rxc8+ Qxc8 32. Qd3 Qc7 33. Nd2 Bc5 34.
Bxc5 Qxc5 35. a4 Kf7 36. Bc4 Ke7 37. Qb3 Qd4 38. Bxe6 Qxd2 39. Bg8 Qf4+ 40. Kg1
Qc1+ 41. Kf2 Qc5+ 42. Kg3 Nh5+ 43. Kh2 Qf2 44. Qf7+ Kd8 45. Qf8+ Kd7 46. Qf7+
Kd8 47. Qd5+ Ke7 48. Qb7+ Ke8 49. Qc8+ Ke7 50. Qc7+ Ke8 51. Qc8+ Ke7 1/2-1/2

[Event "9. GM 2008"]
[Site "Banja Luka"]
[Date "2008.10.03"]
[Round "5.4"]
[White "Ilincic, Zlatko"]
[Black "Heberla, Bartlomiej"]
[Result "0-1"]
[WhiteElo "2519"]
[BlackElo "2510"]
[PlyCount "72"]
[EventDate "2008.09.29"]
[EventType "swiss"]
[EventRounds "9"]
[EventCountry "YUG"]
[EventCategory "11"]
[Source "lmi"]
[SourceDate "2008.09.29"]

1. d4 Nf6 2. c4 e6 3. Nf3 d5 4. g3 dxc4 5. Bg2 c5 6. O-O Nc6 7. Qa4 cxd4 8. Ne5
Bd7 9. Nxd7 Qxd7 10. Qxc4 Rc8 11. Nd2 Be7 12. Nb3 e5 13. Nc5 Bxc5 14. Qxc5 Qe7
15. Qb5 h6 16. e3 O-O 17. Bd2 Rfd8 18. Rac1 e4 19. Rc4 Rd5 20. Qb3 Rcd8 21. h3
Qd7 22. Qc2 Qe6 23. Rc1 Ne5 24. Rxd4 Nf3+ 25. Bxf3 exf3 26. Rxd5 Rxd5 27. Qc8+
Qxc8 28. Rxc8+ Kh7 29. Bc3 Rd1+ 30. Kh2 Ne4 31. Rc4 Nxf2 32. g4 Nd3 33. Rc7 Kg6
34. h4 f2 35. h5+ Kg5 36. Rxf7 f1=Q 0-1

[Event "9. GM 2008"]
[Site "Banja Luka"]
[Date "2008.10.05"]
[Round "6.3"]
[White "Geetha, Narayanan Gopal"]
[Black "Ilincic, Zlatko"]
[Result "0-1"]
[WhiteElo "2572"]
[BlackElo "2519"]
[PlyCount "165"]
[EventDate "2008.09.29"]
[EventType "swiss"]
[EventRounds "9"]
[EventCountry "YUG"]
[EventCategory "11"]
[Source "lmi"]
[SourceDate "2008.09.29"]

1. e4 e5 2. Nf3 Nf6 3. Nxe5 d6 4. Nf3 Nxe4 5. Nc3 Nf6 6. d4 d5 7. Bg5 c6 8. Bd3
Be7 9. Qd2 Nbd7 10. O-O-O Nf8 11. Kb1 Ne6 12. h4 h6 13. Be3 Ng4 14. Bf5 Nf8 15.
Bd3 Ne6 16. Ne2 Bd6 17. Rde1 Qc7 18. Bf5 Nxe3 19. fxe3 Ng5 20. hxg5 Bxf5 21.
Nc3 O-O-O 22. gxh6 gxh6 23. e4 Bf4 24. Qd1 dxe4 25. Nxe4 Rhe8 26. Nc5 Rg8 27.
Qe2 Bg3 28. Rd1 Rde8 29. Qc4 Bf2 30. Qf1 Be3 31. Ne5 Rg5 32. Nf3 Rg4 33. Nd3
Bh7 34. Re1 Rge4 35. a3 f6 36. Nc5 R4e7 37. Qc4 Bg8 38. Qd3 Bh7 39. Qc4 Qg3 40.
Re2 Qg8 41. Qb4 b6 42. Nb3 Qd5 43. Rhe1 Re4 44. Nbd2 Bxd2 45. Qxd2 Qc4 46. Rxe4
Bxe4 47. Kc1 f5 48. b3 Qe6 49. Rh1 Qd6 50. Kb2 Re6 51. Qc3 Rg6 52. Qd2 Kb7 53.
Re1 Rg3 54. Qf2 Qg6 55. Re2 h5 56. Ne1 Qg7 57. Ka2 Qg5 58. Kb2 h4 59. a4 Rg4
60. Rd2 Qf4 61. Qxf4 Rxf4 62. Kc3 Kc7 63. Re2 Kd6 64. Kd2 Rg4 65. Ke3 Rg3+ 66.
Kf2 Kd5 67. Nf3 Bxf3 68. gxf3 Kxd4 69. Re7 Rg6 70. Rxa7 h3 71. Rh7 Rg2+ 72. Kf1
Rg3 73. Kf2 f4 74. b4 Rg2+ 75. Kf1 Rxc2 76. Rxh3 Ra2 77. Rh6 Rxa4 78. Rxc6 Rxb4
79. Ke2 Rb2+ 80. Ke1 b5 81. Re6 b4 82. Re4+ Kc3 83. Rxf4 0-1

[Event "9. GM 2008"]
[Site "Banja Luka"]
[Date "2008.10.05"]
[Round "6.4"]
[White "Drasko, Milan"]
[Black "Javakhishvili, Lela"]
[Result "0-1"]
[WhiteElo "2508"]
[BlackElo "2461"]
[PlyCount "72"]
[EventDate "2008.09.29"]
[EventType "swiss"]
[EventRounds "9"]
[EventCountry "YUG"]
[EventCategory "11"]
[Source "lmi"]
[SourceDate "2008.09.29"]

1. d4 Nf6 2. c4 e6 3. Nc3 Bb4 4. Qc2 O-O 5. a3 Bxc3+ 6. Qxc3 b6 7. Bg5 Bb7 8.
f3 d6 9. Nh3 h6 10. Bh4 Nbd7 11. e3 Rc8 12. Bg3 Qe7 13. Be2 c5 14. O-O d5 15.
dxc5 Rxc5 16. b4 Rcc8 17. Qb3 Ba6 18. Rac1 e5 19. b5 Bb7 20. cxd5 Bxd5 21. Qb4
Nc5 22. e4 Be6 23. Nf2 Nfd7 24. Rc3 Qg5 25. Rfc1 Nf6 26. Bc4 Bd7 27. Nd1 Nh5
28. Be1 Nf4 29. g3 Be6 30. Nf2 Na4 31. Qxa4 Bxc4 32. Qc2 Ne2+ 33. Qxe2 Qxc1 34.
Rxc4 Qxc4 35. Qxc4 Rxc4 36. Ng4 Rc5 0-1

[Event "9. GM 2008"]
[Site "Banja Luka"]
[Date "2008.10.06"]
[Round "7.2"]
[White "Javakhishvili, Lela"]
[Black "Vukic, Milan"]
[Result "0-1"]
[WhiteElo "2461"]
[BlackElo "2457"]
[PlyCount "120"]
[EventDate "2008.09.29"]
[EventType "swiss"]
[EventRounds "9"]
[EventCountry "YUG"]
[EventCategory "11"]
[Source "lmi"]
[SourceDate "2008.09.29"]

1. d4 Nf6 2. c4 d6 3. Nc3 Nbd7 4. Nf3 c6 5. e4 e5 6. Be2 Be7 7. O-O O-O 8. Rb1
Re8 9. b4 exd4 10. Nxd4 Bf8 11. f3 h6 12. Kh1 Qc7 13. Bf4 Ne5 14. Qd2 Be6 15.
Nxe6 fxe6 16. Be3 Nf7 17. f4 e5 18. f5 Be7 19. h4 a6 20. a4 Rec8 21. a5 Qd8 22.
Bf3 Kh8 23. g3 Qg8 24. Qh2 g6 25. g4 gxf5 26. gxf5 Qh7 27. Rg1 Rg8 28. Qh3
Rxg1+ 29. Bxg1 h5 30. Ne2 Nh6 31. Ng3 Nhg4 32. Rb2 Qf7 33. Qf1 Bf8 34. Rg2 Bh6
35. Qd1 Rd8 36. Nxh5 Qxh5 37. Bxg4 Qxh4+ 38. Rh2 Qg5 39. Bf3 Rd7 40. Bf2 Ng8
41. Rg2 Qc1 42. Qxc1 Bxc1 43. Be1 Rh7+ 44. Kg1 Rg7 45. Bh5 Rxg2+ 46. Kxg2 Nf6
47. Bf7 Nxe4 48. Be6 Bd2 49. Bxd2 Nxd2 50. Bc8 c5 51. Bxb7 cxb4 52. Bxa6 Nb3
53. Kf3 Kg7 54. Bb7 Nxa5 55. Bd5 Nb3 56. Ke3 Nc5 57. Bg2 Kf6 58. Bh3 Kg5 59.
Kd2 e4 60. Ke3 b3 0-1

[Event "9. GM 2008"]
[Site "Banja Luka"]
[Date "2008.10.07"]
[Round "8.1"]
[White "Jakovljevic, Vlado"]
[Black "Heberla, Bartlomiej"]
[Result "1/2-1/2"]
[WhiteElo "2442"]
[BlackElo "2510"]
[PlyCount "48"]
[EventDate "2008.09.29"]
[EventType "swiss"]
[EventRounds "9"]
[EventCountry "YUG"]
[EventCategory "11"]
[Source "lmi"]
[SourceDate "2008.09.29"]

1. Nf3 g6 2. c4 Bg7 3. d4 c5 4. e4 Qb6 5. dxc5 Qxc5 6. Be2 d6 7. O-O Nc6 8. a3
Bg4 9. Be3 Qa5 10. Bd2 Qc7 11. Nc3 Nf6 12. Rc1 O-O 13. Be3 Bxf3 14. Bxf3 Ne5
15. b3 Qc6 16. Nd5 Nxd5 17. cxd5 Nxf3+ 18. Qxf3 Qb5 19. Bg5 Qd7 20. Qh3 e6 21.
Rfd1 Rac8 22. Rxc8 Rxc8 23. Bf4 Rc3 24. Rd3 Rxd3 1/2-1/2

[Event "9. GM 2008"]
[Site "Banja Luka"]
[Date "2008.10.07"]
[Round "8.2"]
[White "Geetha, Narayanan Gopal"]
[Black "Savanovic, Aleksandar"]
[Result "1/2-1/2"]
[WhiteElo "2572"]
[BlackElo "2417"]
[PlyCount "146"]
[EventDate "2008.09.29"]
[EventType "swiss"]
[EventRounds "9"]
[EventCountry "YUG"]
[EventCategory "11"]
[Source "lmi"]
[SourceDate "2008.09.29"]

1. e4 e5 2. Nf3 Nc6 3. Bb5 a6 4. Ba4 Nf6 5. d3 d6 6. c3 Be7 7. O-O O-O 8. Re1
b5 9. Bc2 Bg4 10. Nbd2 d5 11. Qe2 d4 12. h3 Bh5 13. g4 Bg6 14. cxd4 exd4 15.
Nf1 Nd7 16. a3 a5 17. a4 Nc5 18. axb5 Nb4 19. Ne5 Qe8 20. Nc6 Nxc6 21. bxc6
Qxc6 22. Nd2 Qb5 23. Nf3 Rfd8 24. Ne5 a4 25. f4 Bxe4 26. dxe4 Qxe2 27. Rxe2 d3
28. Bxd3 Nxd3 29. Nc6 Bc5+ 30. Kf1 Re8 31. Ne5 Nxe5 32. fxe5 Rxe5 33. Rc2 Bd6
34. Rc4 Rea5 35. Bd2 R5a6 36. Bb4 Kf8 37. Bxd6+ cxd6 38. Kg2 Rb8 39. Raxa4 Rxa4
40. Rxa4 Rxb2+ 41. Kg3 Rb3+ 42. Kg2 Ke7 43. g5 Re3 44. Rb4 Ke6 45. Ra4 Rc3 46.
Rb4 g6 47. Ra4 Rc5 48. h4 h6 49. gxh6 Rh5 50. Kg3 Rxh6 51. Ra8 Rh5 52. Kg4 Rc5
53. Re8+ Kf6 54. Rd8 Ke7 55. Ra8 Rc4 56. Kf3 d5 57. exd5 Rxh4 58. Ra7+ Kf6 59.
d6 Rd4 60. Rd7 g5 61. Ke3 Rd1 62. Rd8 Ke6 63. Re8+ Kf5 64. Re7 f6 65. d7 g4 66.
Rg7 Rd6 67. Re7 Rd5 68. Rg7 Rd1 69. Ke2 Rd6 70. Ke3 Rd5 71. Re7 Rd6 72. Rg7 Rd1
73. Ke2 Rd6 1/2-1/2

[Event "9. GM 2008"]
[Site "Banja Luka"]
[Date "2008.10.07"]
[Round "8.4"]
[White "Vukic, Milan"]
[Black "Ilincic, Zlatko"]
[Result "0-1"]
[WhiteElo "2457"]
[BlackElo "2519"]
[PlyCount "132"]
[EventDate "2008.09.29"]
[EventType "swiss"]
[EventRounds "9"]
[EventCountry "YUG"]
[EventCategory "11"]
[Source "lmi"]
[SourceDate "2008.09.29"]

1. Nf3 Nf6 2. g3 g6 3. Bg2 Bg7 4. O-O O-O 5. d4 d6 6. c4 Nbd7 7. Nc3 e5 8. e4
c6 9. b3 h6 10. h3 exd4 11. Nxd4 Nc5 12. Re1 Re8 13. Kh2 Qa5 14. Re3 Qb6 15.
Rb1 Bd7 16. Nc2 Ncxe4 17. Nxe4 Nxe4 18. Bxe4 Rxe4 19. Bb2 Bf5 20. Bxg7 Kxg7 21.
Rc1 Qc5 22. Qd2 Rxe3 23. Nxe3 Be6 24. Rd1 Rd8 25. Qc3+ Kg8 26. b4 Qh5 27. g4
Qh4 28. Kg2 h5 29. Qd4 d5 30. c5 Re8 31. Qf4 Bc8 32. Rd4 hxg4 33. hxg4 Kg7 34.
Kf3 g5 35. Qg3 Qh1+ 36. Ke2 Qa1 37. Rd1 Qb2+ 38. Kf1 Qxb4 39. Re1 Re4 40. f3
Rf4 41. Ng2 Qc4+ 42. Re2 Rxf3+ 43. Qxf3 Bxg4 44. Qe3 Kg6 45. Ne1 Bxe2+ 46. Qxe2
Qxc5 47. Nf3 f6 48. Qe8+ Kf5 49. Kg2 g4 50. Qh5+ Kf4 51. Qh6+ Ke4 52. Qg6+ Ke3
53. Nh2 Kd2 54. Qxf6 d4 55. Nxg4 Qd5+ 56. Kg3 Kc3 57. Qe7 c5 58. Qe1+ Kb2 59.
Qa5 Qxa2 60. Qxc5 Qa3+ 61. Qxa3+ Kxa3 62. Kf3 Kb4 63. Ke2 Kc3 64. Nf2 a5 65.
Kd1 a4 66. Ne4+ Kb2 0-1

[Event "9. GM 2008"]
[Site "Banja Luka"]
[Date "2008.10.08"]
[Round "9.2"]
[White "Ilincic, Zlatko"]
[Black "Volkov, Sergey"]
[Result "1/2-1/2"]
[WhiteElo "2519"]
[BlackElo "2636"]
[PlyCount "92"]
[EventDate "2008.09.29"]
[EventType "swiss"]
[EventRounds "9"]
[EventCountry "YUG"]
[EventCategory "11"]
[Source "lmi"]
[SourceDate "2008.09.29"]

1. d4 d5 2. c4 c6 3. Nf3 Nf6 4. e3 Bf5 5. Bd3 Bg6 6. O-O e6 7. b3 Nbd7 8. Bb2
a5 9. a3 Bd6 10. Nc3 Ne4 11. Ne2 Qf6 12. h3 O-O 13. Qc2 Rfd8 14. Nc3 Nxc3 15.
Bxc3 b5 16. Bxg6 Qxg6 17. Qxg6 hxg6 18. c5 Bc7 19. b4 Ra7 20. Ne5 Nxe5 21. dxe5
g5 22. Bd4 Rda8 23. g3 f6 24. f4 gxf4 25. exf4 fxe5 26. fxe5 Bd8 27. Kf2 axb4
28. axb4 Bg5 29. Ke2 Ra2+ 30. Rxa2 Rxa2+ 31. Kd3 Rd2+ 32. Kc3 Rh2 33. h4 Bd2+
34. Kb3 Rg2 35. Ra1 Rxg3+ 36. Kc2 Bxb4 37. Ra6 Rg2+ 38. Kd3 Rd2+ 39. Ke3 Rh2
40. Rxc6 Rh3+ 41. Ke2 Rxh4 42. Kd3 Rh3+ 43. Kc2 Rh4 44. Kd3 Rh3+ 45. Kc2 Rh4
46. Kd3 Rh3+ 1/2-1/2

[Event "9. GM 2008"]
[Site "Banja Luka"]
[Date "2008.10.08"]
[Round "9.3"]
[White "Korchnoi, Viktor"]
[Black "Vukic, Milan"]
[Result "1/2-1/2"]
[WhiteElo "2602"]
[BlackElo "2457"]
[PlyCount "81"]
[EventDate "2008.09.29"]
[EventType "swiss"]
[EventRounds "9"]
[EventCountry "YUG"]
[EventCategory "11"]
[Source "lmi"]
[SourceDate "2008.09.29"]

1. d4 Nf6 2. g3 d6 3. Bg2 Nbd7 4. d5 g6 5. Nc3 Bg7 6. Nf3 O-O 7. Nd4 Re8 8. O-O
Nf8 9. a4 e6 10. dxe6 fxe6 11. e4 a5 12. Ndb5 Qe7 13. Qe2 c6 14. Nxd6 Qxd6 15.
e5 Qc7 16. exf6 Bxf6 17. Ne4 Bg7 18. Rd1 e5 19. Bg5 h6 20. Bf6 Be6 21. Ra3 Bd5
22. Bxg7 Kxg7 23. Re3 Bxe4 24. Rxe4 Re7 25. h4 Rae8 26. h5 g5 27. Re3 Qb6 28.
Rb3 Qc7 29. Qe4 Rd8 30. Rbd3 Rxd3 31. Rxd3 Qc8 32. Rd6 Qe8 33. Bf3 Rd7 34.
Rxd7+ Nxd7 35. Qe1 e4 36. Qc3+ Nf6 37. Be2 b6 38. Qd4 Qb8 39. Kg2 c5 40. Qd2
Qc7 41. c3 1/2-1/2

[Event "9. GM 2008"]
[Site "Banja Luka"]
[Date "2008.10.08"]
[Round "9.4"]
[White "Savanovic, Aleksandar"]
[Black "Drasko, Milan"]
[Result "1/2-1/2"]
[WhiteElo "2417"]
[BlackElo "2508"]
[PlyCount "50"]
[EventDate "2008.09.29"]
[EventType "swiss"]
[EventRounds "9"]
[EventCountry "YUG"]
[EventCategory "11"]
[Source "lmi"]
[SourceDate "2008.09.29"]

1. e4 e6 2. d4 d5 3. Nc3 Bb4 4. e5 c5 5. a3 Bxc3+ 6. bxc3 Ne7 7. Qg4 O-O 8. Bd3
f5 9. exf6 Rxf6 10. Bg5 Rf7 11. Qh4 h6 12. Bxe7 Rxe7 13. Nf3 e5 14. dxe5 Rxe5+
15. Kd2 Qxh4 16. Nxh4 Nc6 17. Rae1 Bd7 18. Ng6 Rxe1 19. Rxe1 Kf7 20. Nf4 Rd8
21. c4 dxc4 22. Bxc4+ Be6+ 23. Bd3 Bf5 24. Kc3 Bxd3 25. Nxd3 b6 1/2-1/2